Etymológie Pavla Jozefa Šafárika v Slovanských starožitnostiach

Bibliographic Details
Main Author: Ripka, Ivor, 1937- (Author)
Format: Article
Language:Slovak
Subjects:

MARC

LEADER 00000nab a2200000uu 4500
001 vtls011145395
003 SK-MaSNL
005 20260303145801.0
008 230222|2011 xo |||||||||||||||||slo|
015 |a SNBRB 
035 |a (urnnbn)urn:nbn:sk:snk:ar-008j0y 
035 |a (uuid)7f9d8b91-2895-4f84-8c98-09abd3d1d5ff 
035 |a urn:nbn:sk:snk-abaw78 
040 |a SNKBUCL  |b slo  |c SNKBUCL  |e AACR2 
041 0 |a slo 
044 |a xo  |c SK 
100 1 |a Ripka, Ivor,  |d 1937-  |4 aut  |9 92988 
245 1 0 |a Etymológie Pavla Jozefa Šafárika v Slovanských starožitnostiach  |c Ivor Ripka 
600 1 7 |a Šafárik, Pavol Jozef,  |d 1795-1861  |t Slovanské starožitnosti  |2 SNK  |9 770942 
650 0 7 |a etymológia  |2 SNKPH  |9 16982 
655 7 |a štúdie  |2 SNKPH  |9 57033 
773 0 |t Zborník Filozofickej fakulty Univerzity Komenského  |g Roč. 67, č. 1 (2011), s. 41-46 
954 |a odborná, vedecká literatúra pôvodná (slovenská)  |2 lita 
958 |a OND 
958 |a EUIPO 
958 |a article14 
999 |c 2005207  |d 2007137